[Event "VII Festival A"]
[Site "Trieste ITA"]
[Date "2005.09.06"]
[Round "5"]
[White "Gergolet, Jan"]
[Black "Cozzarin, Davide"]
[Result "0-1"]
[WhiteElo "1575"]
[BlackElo "1646"]
[PlyCount "58"]
[EventDate "2005.09.03"]

1.e4 Nf6 2.e5 Nd5 3.d4 d6 4.c4 Nb6 5.f4 dxe5 6.fxe5 Nc6 7.Be3 Bf5 8.h3 e6 
9.Nf3 Be7 10.Bd3 Bxd3 11.Qxd3 Bh4+ 12.Nxh4 Qxh4+ 13.Bf2 Qd8 14.Nd2 O-O 15.
Nf3 h6 16.O-O Ne7 17.Rad1 c6 18.Bh4 Qc7 19.Bxe7 Qxe7 20.Nd2 c5 21.Ne4 cxd4
22.Nf6+ gxf6 23.exf6 Qc7 24.Qd2 Qg3 25.Qxh6 Qe3+ 26.Qxe3 dxe3 27.b3 e2 28.
Rde1 exf1=Q+ 29.Kxf1 Nd7 0-1

[Event "VII Festival A"]
[Site "Trieste ITA"]
[Date "2005.09.06"]
[Round "5"]
[White "Grobovsek, Ivan"]
[Black "Devetak, Robert"]
[Result "0-1"]
[WhiteElo "2000"]
[BlackElo "1539"]
[PlyCount "93"]
[EventDate "2005.09.03"]

1.e4 c5 2.Nf3 d6 3.d4 cxd4 4.Nxd4 Nf6 5.Nc3 e6 6.Be2 Be7 7.O-O a6 8.Kh1 
Nc6 9.f4 Qc7 10.Be3 Bd7 11.Qe1 O-O 12.a3 Rfc8 13.Bd3 Rab8 14.Nxc6 Bxc6 15.
Qg3 b5 16.e5 Nd5 17.Bd2 Bf8 18.Ne4 Kh8 19.f5 dxe5 20.fxe6 f6 21.Qh4 h6 22.
Rf2 Re8 23.Ng3 Nf4 24.Bxf4 exf4 25.Qg4 g5 26.Nh5 Qe5 27.Re2 Qxb2 28.Rf1 
Re7 29.Qf5 Rd8 30.Rfe1 Rd5 31.Qg6 Be8 32.Qxf6+ Qxf6 33.Nxf6 Rd6 34.Nxe8 
Rxe8 35.e7 Bg7 36.Bg6 Rxg6 37.Rd1 Bf6 38.Rd6 Kg7 39.Rxa6 Rxe7 40.Rxe7+ 
Bxe7 41.Ra7 Re6 42.h3 Kf6 43.Kg1 Rc6 44.Rb7 Bc5+ 45.Kf1 Rb6 46.Ra7 Kf5 47.
Ke2 0-1

[Event "VII Festival A"]
[Site "Trieste ITA"]
[Date "2005.09.06"]
[Round "5"]
[White "Milinkovic, Zdravko"]
[Black "Pasquotto, Mirko"]
[Result "1-0"]
[WhiteElo "1980"]
[BlackElo "1814"]
[PlyCount "59"]
[EventDate "2005.09.03"]

1.d4 Nf6 2.Bg5 Ne4 3.Bh4 d5 4.e3 c5 5.dxc5 Qa5+ 6.c3 Qxc5 7.Nf3 Bg4 8.Be2 
e6 9.O-O Bd6 10.Nbd2 Nxd2 11.Nxd2 Bf5 12.Rc1 b5 13.Nb3 Qb6 14.Nd4 Be4 15.
Bxb5+ Kf8 16.c4 Na6 17.Bxa6 Qxa6 18.c5 Bc7 19.a4 Bd3 20.Nb5 Bxb5 21.axb5 
Qxb5 22.Qd4 f6 23.Bxf6 Qd7 24.Be5 Bxe5 25.Qxe5 Qc6 26.f4 Kg8 27.f5 Re8 28.
f6 gxf6 29.Qxf6 Qd7 30.Rf3 1-0

[Event "VII Festival A"]
[Site "Trieste ITA"]
[Date "2005.09.06"]
[Round "5"]
[White "Oblak, Mitja"]
[Black "Cedriano, Filippo"]
[Result "0-1"]
[WhiteElo "1688"]
[BlackElo "2005"]
[PlyCount "91"]
[EventDate "2005.09.03"]

1.d4 d5 2.c4 e6 3.Nc3 Nf6 4.Bg5 Nbd7 5.Nf3 Be7 6.e3 O-O 7.Bd3 c6 8.O-O h6 
9.Bf4 dxc4 10.Bxc4 b5 11.Bd3 a6 12.Ne5 Bb7 13.Qf3 Nxe5 14.Bxe5 Nd7 15.Bf4 
f5 16.Qg3 Bh4 17.Qh3 g5 18.Bg3 Bxg3 19.hxg3 Qf6 20.f3 Kg7 21.Kf2 c5 22.
dxc5 Nxc5 23.Be2 b4 24.Nd1 Rac8 25.Rb1 Rfd8 26.a3 b3 27.Nc3 Nd3+ 28.Bxd3 
Rxd3 29.Rfd1 Rcxc3 30.bxc3 Qxc3 31.Rxd3 Qxd3 32.Rb2 Qc3 33.Re2 a5 34.Qh1 
Ba6 35.Qd1 Bxe2 36.Qd7+ Kh8 37.Kxe2 Qc2+ 38.Ke1 Qc1+ 39.Ke2 Qc4+ 40.Ke1 
Qd5 41.Qe8+ Kg7 42.Qe7+ Kg6 43.f4 Qc6 44.Qf8 b2 45.Kf2 Qc2+ 46.Kf3 0-1

[Event "VII Festival A"]
[Site "Trieste ITA"]
[Date "2005.09.06"]
[Round "5"]
[White "Pavasovic, Dusko"]
[Black "Gyorkos, Lajos"]
[Result "1-0"]
[WhiteElo "2566"]
[BlackElo "2424"]
[PlyCount "73"]
[EventDate "2005.09.03"]

1.e4 c5 2.c3 d5 3.exd5 Qxd5 4.d4 Nf6 5.Nf3 e6 6.Be2 Be7 7.O-O O-O 8.Ne5 
Qd8 9.Bf3 Nbd7 10.Qe2 cxd4 11.cxd4 Nd5 12.Rd1 N7b6 13.a4 a5 14.Nc3 Bd7 15.
Bd2 Be8 16.Rdc1 Bb4 17.Nxd5 Nxd5 18.Bxb4 axb4 19.b3 Ra5 20.Qe1 Nc3 21.Nd3 
Nd5 22.Nxb4 Nf4 23.Qe4 Qf6 24.Nd3 Ng6 25.Qe3 Nh4 26.Bxb7 Nf5 27.Qd2 Ra7 
28.Be4 Nxd4 29.Nc5 Rc7 30.b4 Qe5 31.Rd1 Nb3 32.Qe3 Qxa1 33.Rxa1 Nxa1 34.
Qa3 f5 35.Bb1 Bf7 36.Qxa1 Rb8 37.Qc3 1-0

[Event "VII Festival A"]
[Site "Trieste ITA"]
[Date "2005.09.06"]
[Round "5"]
[White "Plani, Andrea"]
[Black "Padjen, Zdenko"]
[Result "0-1"]
[WhiteElo "1775"]
[BlackElo "2068"]
[PlyCount "88"]
[EventDate "2005.09.03"]

1.e4 c5 2.d4 cxd4 3.Nf3 e5 4.c3 dxc3 5.Nxc3 Nc6 6.Bc4 Bb4 7.O-O Nf6 8.Bg5 
Be7 9.Qe2 O-O 10.Rfd1 d6 11.Nb5 a6 12.Bxf6 gxf6 13.Nc3 f5 14.Nd5 Na5 15.
Nxe7+ Qxe7 16.Bd5 Nc6 17.Qe3 fxe4 18.Qxe4 Bd7 19.Rd3 Kh8 20.Qc4 Rac8 21.
Qb3 Bf5 22.Rc3 Bg4 23.Nd2 Rb8 24.f3 Nd4 25.Qd1 Be6 26.Bxe6 Qxe6 27.Ne4 Rg8
28.f4 Qd5 29.Ng5 f6 30.Nf3 Rg4 31.g3 Nxf3+ 32.Rxf3 Qc5+ 33.Kg2 Rbg8 34.
fxe5 Rd4 35.Qf1 Rd2+ 36.Kh1 fxe5 37.Rf8 Qd5+ 38.Kg1 Qd4+ 39.Kh1 Qe4+ 40.
Kg1 Qe3+ 41.Kh1 Rxh2+ 42.Kxh2 Qxg3+ 43.Kh1 Qh4+ 44.Qh3 Qxh3# 0-1

[Event "VII Festival A"]
[Site "Trieste ITA"]
[Date "2005.09.06"]
[Round "5"]
[White "Punteri, Marco"]
[Black "Nedimovic, Ljubisa"]
[Result "0-1"]
[WhiteElo "1985"]
[BlackElo "2217"]
[PlyCount "70"]
[EventDate "2005.09.03"]

1.c4 f5 2.d4 Nf6 3.Nc3 d6 4.f3 e5 5.Bg5 Be7 6.e3 O-O 7.Bd3 h6 8.Bh4 exd4 
9.exd4 Nd5 10.Nxd5 Bxh4+ 11.g3 c6 12.Nf4 Bf6 13.Nge2 Qb6 14.Qc2 Na6 15.Qc3
Nb4 16.Bb1 Re8 17.O-O c5 18.a3 Nc6 19.Nd5 Qd8 20.Qd3 Bxd4+ 21.Nxd4 Nxd4 
22.Nf4 Bd7 23.Bc2 Bc6 24.b4 b6 25.Rad1 Qf6 26.Bb1 Re7 27.g4 Qg5 28.Nh3 Qh4
29.Nf4 Qf6 30.Nh5 Qg5 31.Ng3 g6 32.gxf5 gxf5 33.f4 Qg4 34.h3 Qxh3 35.Rf2 
Rg7 0-1

[Event "VII Festival A"]
[Site "Trieste ITA"]
[Date "2005.09.06"]
[Round "5"]
[White "Tonel, Giulia"]
[Black "Arcion, Riccardo"]
[Result "0-1"]
[WhiteElo "1793"]
[BlackElo "1958"]
[PlyCount "122"]
[EventDate "2005.09.03"]

1.e4 c5 2.c3 d5 3.exd5 Qxd5 4.d4 Nc6 5.Nf3 Bg4 6.Be2 O-O-O 7.Be3 cxd4 8.
cxd4 e5 9.Nc3 Bb4 10.O-O Bxc3 11.bxc3 exd4 12.cxd4 Nge7 13.Qc2 Kb8 14.Qb2 
Rd7 15.Rfd1 Rhd8 16.h3 Bh5 17.Rac1 f6 18.Rc5 Qf7 19.Bc4 Qe8 20.Be6 Bxf3 
21.gxf3 Qg6+ 22.Kh2 Ne5 23.Bxd7 Nxf3+ 24.Kh1 Rxd7 25.Qc2 Qxc2 26.Rxc2 b6 
27.Kg2 Nh4+ 28.Kf1 Nhf5 29.Ke2 Kb7 30.a4 Nd5 31.Kd2 g5 32.Rc4 Re7 33.Re1 
h5 34.Rcc1 g4 35.hxg4 hxg4 36.Rb1 g3 37.Rb3 g2 38.Rg1 Nh4 39.Kd1 Rg7 40.
Ke2 f5 41.Bc1 Re7+ 42.Kd1 Re4 43.Bb2 Nf4 44.Re3 Rxe3 45.fxe3 Nh3 46.Rxg2 
Nxg2 47.Ke2 Nh4 48.d5 Ng6 49.Kd3 Nf2+ 50.Kd4 Ne4 51.Ba3 a6 52.Bb4 Kc7 53.
Ba3 Kd7 54.Bb4 Ng3 55.Ba3 Ne4 56.Bb4 Nd6 57.Ba3 b5 58.a5 Nc4 59.Bb4 Nh4 
60.Kd3 Nf3 61.Ke2 Nfe5 0-1

[Event "VII Festival A"]
[Site "Trieste ITA"]
[Date "2005.09.06"]
[Round "5"]
[White "Trtanj, Tina"]
[Black "Lazarev, Vladimir"]
[Result "0-1"]
[WhiteElo "2137"]
[BlackElo "2518"]
[PlyCount "60"]
[EventDate "2005.09.03"]

1.d4 Nf6 2.Nf3 c5 3.e3 g6 4.Bd3 Bg7 5.O-O O-O 6.c3 d6 7.Qe2 Qc7 8.e4 cxd4 
9.Nxd4 a6 10.h3 Nbd7 11.Nd2 b6 12.Nc2 Bb7 13.Ne3 Nc5 14.Ng4 Nxg4 15.hxg4 
d5 16.exd5 Nxd3 17.Qxd3 Rfd8 18.Qh3 Rxd5 19.Nf3 Rad8 20.Be3 b5 21.Ng5 h6 
22.Nf3 Qd7 23.Rae1 h5 24.g5 Qc7 25.Qh4 e5 26.Qg3 Qc4 27.Bb6 R8d6 28.Nxe5 
Rxe5 29.Rxe5 Bxe5 30.Qxe5 Qc6 0-1

[Event "VII Festival A"]
[Site "Trieste ITA"]
[Date "2005.09.06"]
[Round "5"]
[White "Varini, Massimo"]
[Black "Grudina, Marco"]
[Result "1-0"]
[WhiteElo "2080"]
[BlackElo "1853"]
[PlyCount "95"]
[EventDate "2005.09.03"]

1.e4 e5 2.Nf3 Nc6 3.Bc4 Bc5 4.c3 Nf6 5.b4 Bd6 6.d3 h6 7.O-O O-O 8.Nbd2 a6 
9.Re1 b5 10.Bb3 Bb7 11.Nf1 Ne7 12.Nh4 c5 13.Qf3 Kh7 14.a3 Rc8 15.Ng3 cxb4 
16.cxb4 Bb8 17.Nhf5 Ng6 18.Nh5 Nxh5 19.Qxh5 Nf4 20.Bxf4 exf4 21.Bxf7 Qf6 
22.Ba2 g5 23.Rad1 Rc3 24.Bb1 Rb3 25.d4 Rxb1 26.Rxb1 d5 27.f3 Ba7 28.Rbd1 
dxe4 29.fxe4 Rd8 30.Kh1 Bb6 31.h3 a5 32.Qe2 Bc6 33.Qc2 Bd7 34.Kh2 Rc8 35.
Qd3 Rd8 36.d5 axb4 37.axb4 h5 38.Nd4 Kh8 39.e5 Qh6 40.e6 Be8 41.Nxb5 g4 
42.d6 Qg7 43.d7 Bg6 44.Qc3 Qxc3 45.Nxc3 gxh3 46.e7 hxg2 47.exd8=Q+ Bxd8 
48.Re8+ 1-0

[Event "VII Festival A"]
[Site "Trieste ITA"]
[Date "2005.09.06"]
[Round "5"]
[White "Zufic, Miroslav"]
[Black "Bosiocic, Marko"]
[Result "1-0"]
[WhiteElo "2391"]
[BlackElo "2121"]
[PlyCount "67"]
[EventDate "2005.09.03"]

1.e4 e5 2.Nf3 Nc6 3.Bb5 Nf6 4.d3 d6 5.O-O g6 6.h3 Bg7 7.Re1 O-O 8.c3 Bd7 
9.Nbd2 Re8 10.Nf1 d5 11.Bg5 dxe4 12.dxe4 h6 13.Bxf6 Bxf6 14.Ne3 Bg7 15.Qe2
Ne7 16.Rad1 c6 17.Bc4 Qc7 18.Nh2 Nc8 19.Rd3 Nb6 20.Red1 Be6 21.Bxe6 Rxe6 
22.Nc4 Nxc4 23.Rd7 Qb6 24.Qxc4 Rae8 25.b3 R8e7 26.Rd8+ Kh7 27.Nf3 Qa5 28.
b4 Qa4 29.h4 Qc2 30.Ne1 Qb2 31.a4 f5 32.h5 fxe4 33.hxg6+ Kxg6 34.R8d2 1-0

[Event "VII Festival A"]
[Site "Trieste ITA"]
[Date "2005.09.07"]
[Round "6"]
[White "Arcion, Riccardo"]
[Black "Batic, Aleksander"]
[Result "1/2-1/2"]
[WhiteElo "1958"]
[BlackElo "1855"]
[PlyCount "85"]
[EventDate "2005.09.03"]

1.d4 Nf6 2.c4 d5 3.cxd5 Nxd5 4.e4 Nf6 5.Nc3 g6 6.Bc4 c6 7.Nge2 b5 8.Bd3 
Bg7 9.O-O O-O 10.h3 a6 11.Be3 Bb7 12.Rc1 Nbd7 13.e5 Nd5 14.Nxd5 cxd5 15.
Qd2 Nb6 16.b3 Rc8 17.Bh6 e6 18.g3 Qe7 19.h4 f5 20.h5 Bxh6 21.Qxh6 Qg7 22.
Qg5 gxh5 23.Qxg7+ Kxg7 24.Nf4 Kf7 25.Nxh5 Rxc1 26.Rxc1 Rc8 27.Rxc8 Nxc8 
28.f3 Ne7 29.Kf2 h6 30.Ke3 b4 31.Nf6 Bc8 32.Be2 Ng8 33.Nh5 Ne7 34.Nf4 Nc6 
35.Nd3 a5 36.g4 fxg4 37.fxg4 Ba6 38.Nf4 Bxe2 39.Nxe2 Na7 40.Kd3 Nb5 41.Kc2
Kg6 42.Nf4+ Kf7 43.Ne2 1/2-1/2

[Event "VII Festival A"]
[Site "Trieste ITA"]
[Date "2005.09.07"]
[Round "6"]
[White "Bevilacqua, Andrea"]
[Black "Oblak, Mitja"]
[Result "1-0"]
[WhiteElo "1978"]
[BlackElo "1688"]
[PlyCount "109"]
[EventDate "2005.09.03"]

1.d4 d5 2.c4 c6 3.Nc3 Nf6 4.Bg5 dxc4 5.e4 Qa5 6.Bxf6 exf6 7.Bxc4 Bb4 8.Ne2
O-O 9.O-O f5 10.f3 Nd7 11.a3 Bxc3 12.bxc3 Nb6 13.Bd3 Be6 14.Qc2 Nc4 15.
exf5 Ne3 16.Qc1 Nxf5 17.Qg5 Qd8 18.Qf4 Qd6 19.Bxf5 Qxf4 20.Bxh7+ Kxh7 21.
Nxf4 Bc4 22.Rfe1 Rfe8 23.Kf2 Kg8 24.h4 Kf8 25.Rxe8+ Rxe8 26.Re1 Rxe1 27.
Kxe1 Ke7 28.Kf2 Kd6 29.Ke3 c5 30.Nd3 cxd4+ 31.Kxd4 Be6 32.c4 b6 33.Nf4 Bc8
34.g4 Bb7 35.Nd5 b5 36.c5+ Ke6 37.Nc7+ Kd7 38.Nxb5 Bxf3 39.Nxa7 Bxg4 40.
Nb5 Kc6 41.Nd6 f5 42.Nc4 Be2 43.Ne5+ Kc7 44.Ke3 Bd1 45.Kf4 Bc2 46.Nf3 Bb1 
47.Nd4 Kd7 48.h5 Bd3 49.Nxf5 Kc6 50.Nxg7 Kxc5 51.Nf5 Bc4 52.h6 Bg8 53.Kg5 
Bh7 54.Kf6 Kb5 55.Nh4 1-0

[Event "VII Festival A"]
[Site "Trieste ITA"]
[Date "2005.09.07"]
[Round "6"]
[White "Borgo, Giulio"]
[Black "Lalic, Bogdan"]
[Result "1/2-1/2"]
[WhiteElo "2380"]
[BlackElo "2491"]
[PlyCount "31"]
[EventDate "2005.09.03"]

1.e4 e5 2.Nf3 Nc6 3.Nc3 Nf6 4.d4 exd4 5.Nxd4 Bb4 6.Nxc6 bxc6 7.Bd3 d5 8.
exd5 cxd5 9.Qe2+ Be7 10.Bb5+ Bd7 11.Bxd7+ Qxd7 12.O-O O-O 13.Bg5 h6 14.Bh4
Rfe8 15.Qd3 c6 16.Rfe1 1/2-1/2

[Event "VII Festival A"]
[Site "Trieste ITA"]
[Date "2005.09.07"]
[Round "6"]
[White "Bosiocic, Marko"]
[Black "Trtanj, Tina"]
[Result "0-1"]
[WhiteElo "2121"]
[BlackElo "2137"]
[PlyCount "86"]
[EventDate "2005.09.03"]

1.d4 d5 2.Nf3 Nf6 3.e3 c6 4.c4 e6 5.Nbd2 Be7 6.b3 O-O 7.Bb2 c5 8.Bd3 Nc6 
9.Rc1 cxd4 10.exd4 Qa5 11.Bb1 Ne4 12.O-O f5 13.Nxe4 fxe4 14.Ne1 Qc7 15.Qh5
g6 16.Qe2 Qf4 17.f3 Nxd4 18.Bxd4 Qxc1 19.Nc2 exf3 20.Qe5 f2+ 21.Bxf2 Qf4 
22.Qe2 Bd6 23.g3 Qf3 24.Qxf3 Rxf3 25.Rd1 Bd7 26.cxd5 e5 27.Ne1 Rf7 28.Nd3 
Raf8 29.Bxa7 Bg4 30.Re1 b5 31.Be3 Rf3 32.Kg2 R3f7 33.Kg1 b4 34.Bh6 Re8 35.
Bd2 Bh3 36.Be3 Ref8 37.Nf2 Bf5 38.Be4 Rc8 39.g4 Bd7 40.h3 Bb5 41.Kg2 Kg7 
42.Bd3 Bxd3 43.Nxd3 Rc2+ 0-1

[Event "VII Festival A"]
[Site "Trieste ITA"]
[Date "2005.09.07"]
[Round "6"]
[White "Brunello, Marina"]
[Black "Decleva, Gianni"]
[Result "1-0"]
[WhiteElo "1667"]
[BlackElo "1611"]
[PlyCount "87"]
[EventDate "2005.09.03"]

1.e4 e5 2.Nf3 Nf6 3.Nxe5 d6 4.Nf3 Nxe4 5.Nc3 Nxc3 6.dxc3 Nc6 7.Be3 Be7 8.
Qd2 O-O 9.h3 Bf6 10.g4 Ne5 11.Be2 Nxf3+ 12.Bxf3 Re8 13.O-O-O Bh4 14.g5 Rb8
15.Bg4 b6 16.Rhg1 Re4 17.f3 Bxg4 18.hxg4 Re5 19.f4 Re4 20.Rh1 Qe7 21.Rh3 
Re8 22.Bg1 Re2 23.Qd3 Re1 24.Rxh4 Rxd1+ 25.Qxd1 Qe1 26.Rh1 Qg3 27.Bh2 Qg2 
28.f5 Re2 29.Bf4 Qe4 30.Bd2 Qc4 31.b3 Qe4 32.Re1 Rxe1 33.Qxe1 Qxe1+ 34.
Bxe1 Kf8 35.Kd2 g6 36.Kd3 Ke7 37.Ke4 c6 38.c4 a6 39.Bf2 b5 40.cxb5 axb5 
41.a4 bxa4 42.bxa4 Kd7 43.a5 Kc7 44.a6 1-0

[Event "VII Festival A"]
[Site "Trieste ITA"]
[Date "2005.09.07"]
[Round "6"]
[White "Cedriano, Filippo"]
[Black "Brunello, Sabino"]
[Result "0-1"]
[WhiteElo "2005"]
[BlackElo "2373"]
[PlyCount "70"]
[EventDate "2005.09.03"]

1.Nf3 Nf6 2.c4 e6 3.Nc3 d5 4.cxd5 exd5 5.d4 Be7 6.Qc2 O-O 7.Bg5 Nbd7 8.e3 
Re8 9.Bd3 Nf8 10.O-O c6 11.Rab1 Bd6 12.Rfe1 Bg4 13.Nd2 Be6 14.Nf1 Ng6 15.
Bxg6 hxg6 16.f3 Be7 17.Rbd1 Nh5 18.Bxe7 Qxe7 19.Na4 Rad8 20.Nc5 Bc8 21.b4 
g5 22.g4 Nf6 23.Ng3 Nh7 24.Kg2 Nf8 25.Nf5 Qf6 26.Rd2 Ng6 27.Kf2 b6 28.Nb3 
Bxf5 29.Qxf5 Qd6 30.Rh1 Qe7 31.Qd3 Qxb4 32.Rc2 Re6 33.e4 dxe4 34.fxe4 Rf6+
35.Kg3 Qd6+ 0-1

[Event "VII Festival A"]
[Site "Trieste ITA"]
[Date "2005.09.07"]
[Round "6"]
[White "Devetak, Robert"]
[Black "Stantic, Severino"]
[Result "0-1"]
[WhiteElo "1539"]
[BlackElo "2064"]
[PlyCount "84"]
[EventDate "2005.09.03"]

1.e4 e5 2.Nf3 d6 3.Bc4 c6 4.O-O Be7 5.c3 Nf6 6.Re1 O-O 7.Bb3 Bg4 8.h3 Bh5 
9.d4 Nbd7 10.Nbd2 b5 11.Nf1 a5 12.Ng3 Bg6 13.Bg5 Re8 14.Nh4 Qc7 15.Nhf5 
Bf8 16.Qf3 a4 17.Bc2 exd4 18.cxd4 c5 19.Bxf6 Nxf6 20.d5 Nd7 21.Qe2 Bxf5 
22.Nxf5 g6 23.Ng3 Rab8 24.Rad1 Bg7 25.b3 axb3 26.axb3 Bc3 27.Rf1 Qd8 28.
Qd3 Bd4 29.Ne2 Bg7 30.Qg3 Nf6 31.f3 Ra8 32.Bd3 Qb6 33.Kh1 Ra2 34.Nc3 Nh5 
35.Qe1 Bxc3 36.Qxc3 Ng3+ 37.Kh2 Nxf1+ 38.Rxf1 Ra3 39.Qb2 Rea8 40.f4 c4 41.
Bc2 Qe3 42.f5 c3 0-1

[Event "VII Festival A"]
[Site "Trieste ITA"]
[Date "2005.09.07"]
[Round "6"]
[White "Drazic, Sinisa"]
[Black "Zufic, Miroslav"]
[Result "1/2-1/2"]
[WhiteElo "2497"]
[BlackElo "2391"]
[PlyCount "79"]
[EventDate "2005.09.03"]

1.d4 Nf6 2.Nf3 g6 3.c4 Bg7 4.Nc3 O-O 5.e4 d6 6.Be2 e5 7.O-O Nc6 8.d5 Ne7 
9.Ne1 Nd7 10.Nd3 f5 11.Bd2 Nf6 12.f3 f4 13.c5 g5 14.Rc1 Ng6 15.cxd6 cxd6 
16.Nf2 Rf7 17.Nb5 Bf8 18.Rc3 a6 19.Na3 h5 20.h3 Rg7 21.Nc4 Bd7 22.b4 Nh4 
23.Kh1 Rc8 24.Rg1 b5 25.Na5 Rxc3 26.Bxc3 Qc8 27.Be1 Be7 28.Nc6 Bxc6 29.
dxc6 Qxc6 30.Nd3 Ng6 31.Qb3+ Kh7 32.Bf2 g4 33.Rc1 Qd7 34.Bf1 gxf3 35.gxf3 
d5 36.exd5 e4 37.Nc5 Bxc5 38.bxc5 e3 39.c6 Qd6 40.Be1 1/2-1/2

[Event "VII Festival A"]
[Site "Trieste ITA"]
[Date "2005.09.07"]
[Round "6"]
[White "Fercec, Nenad"]
[Black "Pavasovic, Dusko"]
[Result "1/2-1/2"]
[WhiteElo "2500"]
[BlackElo "2566"]
[PlyCount "39"]
[EventDate "2005.09.03"]

1.e4 e5 2.Nf3 Nf6 3.Nxe5 d6 4.Nf3 Nxe4 5.d4 d5 6.Bd3 Nc6 7.O-O Bg4 8.c4 
Nf6 9.Nc3 Bxf3 10.Qxf3 Nxd4 11.Qh3 dxc4 12.Bxc4 Be7 13.Bg5 Qc8 14.Qd3 Ne6 
15.Bxe6 fxe6 16.Rfe1 Qd7 17.Qc4 Kf7 18.Rad1 Qc6 19.Qxc6 bxc6 20.Rc1 
1/2-1/2

[Event "VII Festival A"]
[Site "Trieste ITA"]
[Date "2005.09.07"]
[Round "6"]
[White "Gergolet, Jan"]
[Black "Grobovsek, Ivan"]
[Result "0-1"]
[WhiteElo "1575"]
[BlackElo "2000"]
[PlyCount "108"]
[EventDate "2005.09.03"]

1.e4 c5 2.Nf3 Nc6 3.d4 cxd4 4.Nxd4 Nf6 5.Nc3 e5 6.Ndb5 d6 7.Bg5 a6 8.Na3 
b5 9.Nd5 Be6 10.Bxf6 gxf6 11.c4 Bxd5 12.exd5 Nd4 13.cxb5 Bh6 14.Qd3 axb5 
15.Nxb5 Qa5+ 16.Nc3 O-O 17.Be2 Rab8 18.Rb1 Nxe2 19.Kxe2 e4 20.Qg3+ Kh8 21.
Qxd6 Rbd8 22.Qa3 Qc7 23.Rhd1 Qc4+ 24.Ke1 e3 25.Qa4 exf2+ 26.Kxf2 Qc7 27.
Kg1 Bf4 28.h3 Be3+ 29.Kh1 Rg8 30.Qc6 Qe5 31.Rg1 Qd6 32.Qc4 Qg3 33.Qe4 Bc5 
34.b4 Bb6 35.Qf3 Qg6 36.Ne4 Rxd5 37.Qxf6+ Rg7 38.Qxg6 hxg6 39.Rge1 f5 40.
Nf6 Rd8 41.Re8+ Rxe8 42.Nxe8 Re7 43.Nd6 Re6 44.Nf7+ Kg7 45.Ng5 Rd6 46.a4 
Kf6 47.h4 Bf2 48.Nf3 g5 49.hxg5+ Kg7 50.b5 Bb6 51.Rc1 Be3 52.a5 Bxc1 53.a6
Be3 54.Nh4 Rd5 0-1

[Event "VII Festival A"]
[Site "Trieste ITA"]
[Date "2005.09.07"]
[Round "6"]
[White "Gyorkos, Lajos"]
[Black "Bosiocic, Marin"]
[Result "1/2-1/2"]
[WhiteElo "2424"]
[BlackElo "2381"]
[PlyCount "48"]
[EventDate "2005.09.03"]

1.d4 d5 2.c4 c6 3.cxd5 cxd5 4.Nc3 Nf6 5.Bf4 Nc6 6.e3 Bf5 7.Bd3 Bxd3 8.Qxd3
e6 9.Nge2 Be7 10.O-O O-O 11.Rac1 Rc8 12.h3 a6 13.Nb1 Qb6 14.Nbc3 Nd7 15.
Qd2 Qa5 16.a3 b5 17.e4 b4 18.axb4 Nxb4 19.exd5 exd5 20.Ng3 g6 21.Rfe1 Rfe8
22.Nxd5 Qxd5 23.Rxc8 Rxc8 24.Rxe7 Nc6 1/2-1/2

[Event "VII Festival A"]
[Site "Trieste ITA"]
[Date "2005.09.07"]
[Round "6"]
[White "Landa, Konstantin"]
[Black "Tratar, Marko"]
[Result "1/2-1/2"]
[WhiteElo "2609"]
[BlackElo "2419"]
[PlyCount "92"]
[EventDate "2005.09.03"]

1.Nf3 Nf6 2.c4 g6 3.b3 Bg7 4.Bb2 c5 5.g3 b6 6.Bg2 Bb7 7.O-O O-O 8.Nc3 Ne4 
9.Qc2 Nxc3 10.Bxc3 Bxc3 11.Qxc3 Nc6 12.e3 d5 13.d4 dxc4 14.dxc5 cxb3 15.
Rfd1 Qc7 16.cxb6 Qxb6 17.Rdb1 Rac8 18.Rxb3 Na5 19.Rxb6 Rxc3 20.Rb5 Ra3 21.
Rc1 Rxa2 22.Nd4 Rc8 23.Rxc8+ Bxc8 24.Bd5 Ra1+ 25.Kg2 Ba6 26.Rc5 e6 27.Ba8 
Bf1+ 28.Kf3 Nc4 29.g4 Ra5 30.Rc8+ Kg7 31.Kg3 Nb6 32.Rc1 Nxa8 33.Rxf1 Nb6 
34.Rc1 Rd5 35.Rc7 Rd7 36.Rc5 Rd5 37.Rc7 Rd7 38.Rc5 h6 39.h4 Rd5 40.Rc7 Rd7
41.Rc5 Kf6 42.Ra5 Rc7 43.g5+ hxg5 44.hxg5+ Kg7 45.Ra6 Rc5 46.Rxa7 Rxg5+ 
1/2-1/2

[Event "VII Festival A"]
[Site "Trieste ITA"]
[Date "2005.09.07"]
[Round "6"]
[White "Lazarev, Vladimir"]
[Black "Efimov, Igor"]
[Result "1/2-1/2"]
[WhiteElo "2518"]
[BlackElo "2401"]
[PlyCount "20"]
[EventDate "2005.09.03"]

1.Nf3 Nf6 2.c4 e6 3.d4 d5 4.Nc3 Be7 5.Bg5 O-O 6.e3 h6 7.Bh4 b6 8.Rc1 Bb7 
9.Be2 dxc4 10.Bxc4 Nbd7 1/2-1/2

[Event "VII Festival A"]
[Site "Trieste ITA"]
[Date "2005.09.07"]
[Round "6"]
[White "Loncar, Robert"]
[Black "Ramesa, Davor"]
[Result "1-0"]
[WhiteElo "2390"]
[BlackElo "2172"]
[PlyCount "61"]
[EventDate "2005.09.03"]

1.d4 Nf6 2.c4 g6 3.Nc3 Bg7 4.e4 d6 5.Nf3 O-O 6.Be2 e5 7.Be3 Ng4 8.Bg5 f6 
9.Bc1 Nc6 10.d5 Ne7 11.h3 Nh6 12.h4 Ng4 13.h5 gxh5 14.Rxh5 f5 15.Ng5 Nf6 
16.Rh2 Ng6 17.exf5 Bxf5 18.g4 Bd7 19.f3 Nf4 20.Bxf4 exf4 21.Qc2 h6 22.Nge4
Qe7 23.O-O-O Qe5 24.Bd3 Nxe4 25.Nxe4 c6 26.g5 cxd5 27.gxh6 Bf6 28.Nxf6+ 
Qxf6 29.Rg1+ Kh8 30.Qg2 Rg8 31.Qg7+ 1-0

[Event "VII Festival A"]
[Site "Trieste ITA"]
[Date "2005.09.07"]
[Round "6"]
[White "Milinkovic, Zdravko"]
[Black "Punteri, Marco"]
[Result "0-1"]
[WhiteElo "1980"]
[BlackElo "1985"]
[PlyCount "98"]
[EventDate "2005.09.03"]

1.d4 Nf6 2.Bg5 e6 3.Nf3 Be7 4.e3 b6 5.Be2 Bb7 6.Nbd2 O-O 7.O-O d6 8.c4 c5 
9.Rc1 Nc6 10.a3 Qd7 11.Bd3 Rac8 12.Bb1 cxd4 13.exd4 d5 14.cxd5 Qxd5 15.Qa4
b5 16.Qb3 Nxd4 17.Qxd5 Ne2+ 18.Kh1 Nxd5 19.Rxc8 Rxc8 20.Bxe7 Nxe7 21.Bd3 
Nf4 22.Bxb5 Rc2 23.b3 Nf5 24.Rd1 g5 25.h3 Bxf3 26.Nxf3 Rxf2 27.Rd2 Nxh3 
28.Rxf2 Nxf2+ 29.Kg1 Ne4 30.Bc6 Nfd6 31.b4 f6 32.a4 Nc3 33.Kf2 Nd5 34.Bxd5
exd5 35.Ke3 Nf5+ 36.Kd3 Kf7 37.b5 Ke6 38.g4 Nh6 39.Kc3 Nxg4 40.Kb4 Ne5 41.
Nd4+ Kd6 42.Ka5 h5 43.Ka6 h4 44.Kxa7 h3 45.Nf5+ Kc5 46.b6 h2 47.Ng3 d4 48.
b7 Nc6+ 49.Ka8 Kb4 0-1

[Event "VII Festival A"]
[Site "Trieste ITA"]
[Date "2005.09.07"]
[Round "6"]
[White "Nedimovic, Ljubisa"]
[Black "De Val, Daniele"]
[Result "1-0"]
[WhiteElo "2217"]
[BlackElo "2155"]
[PlyCount "107"]
[EventDate "2005.09.03"]

1.d4 f5 2.Nf3 Nf6 3.g3 g6 4.Bg2 Bg7 5.O-O O-O 6.b4 d6 7.Bb2 c6 8.c4 Na6 9.
Qb3 Kh8 10.b5 Nc7 11.a4 Be6 12.Nbd2 Bg8 13.Qd3 a6 14.b6 Nce8 15.a5 Nd7 16.
e4 Nc5 17.dxc5 Bxb2 18.Rab1 Bg7 19.exf5 Rxf5 20.Ne4 dxc5 21.Qxd8 Rxd8 22.
Nh4 Bxc4 23.Nxf5 Bxf1 24.Nxg7 Bxg2 25.Kxg2 Kxg7 26.Nxc5 Rb8 27.Kf3 Nd6 28.
Ke3 Kf7 29.Rb4 e6 30.f4 Ke7 31.g4 h6 32.Rb1 Rd8 33.Rc1 g5 34.h3 Rf8 35.Nd3
Rd8 36.Nc5 gxf4+ 37.Kxf4 Rf8+ 38.Kg3 e5 39.Re1 e4 40.Nxe4 Nxe4+ 41.Rxe4+ 
Kd6 42.Rf4 Rh8 43.Rf7 Kc5 44.Rxb7 Kb5 45.Rc7 c5 46.b7 Rb8 47.Kh4 Kc4 48.
Kh5 Kd5 49.Kxh6 Kd6 50.Rf7 Ke6 51.Kg7 c4 52.Rc7 Kd5 53.h4 Kd4 54.h5 1-0

[Event "VII Festival A"]
[Site "Trieste ITA"]
[Date "2005.09.07"]
[Round "6"]
[White "Pasquotto, Mirko"]
[Black "Brunello, Roberta"]
[Result "1/2-1/2"]
[WhiteElo "1814"]
[BlackElo "1837"]
[PlyCount "44"]
[EventDate "2005.09.03"]

1.e4 e5 2.Nf3 Nc6 3.Bb5 d6 4.d4 Bd7 5.Nc3 Nf6 6.O-O Be7 7.Re1 exd4 8.Nxd4 
O-O 9.Bxc6 bxc6 10.Qf3 c5 11.Nf5 Rb8 12.b3 Re8 13.g4 Bc6 14.Nd5 Nxd5 15.
exd5 Bf6 16.Rxe8+ Qxe8 17.Rb1 Qe1+ 18.Kg2 Bd7 19.Nh6+ Kh8 20.Nxf7+ Kg8 21.
Nh6+ Kh8 22.Nf7+ Kg8 1/2-1/2

[Event "VII Festival A"]
[Site "Trieste ITA"]
[Date "2005.09.07"]
[Round "6"]
[White "Plani, Andrea"]
[Black "Tonel, Giulia"]
[Result "0-1"]
[WhiteElo "1775"]
[BlackElo "1793"]
[PlyCount "76"]
[EventDate "2005.09.03"]

1.e4 e5 2.d4 exd4 3.f4 Nf6 4.Bd3 d5 5.e5 Ne4 6.Nf3 Bc5 7.O-O Nc6 8.a3 a5 
9.Nbd2 Bf5 10.Qe1 Qd7 11.Kh1 O-O 12.Nxe4 dxe4 13.Bxe4 Rae8 14.Bd3 f6 15.
Qe2 Re7 16.Bxf5 Qxf5 17.Qc4+ Qe6 18.Qxc5 fxe5 19.fxe5 Nxe5 20.Bg5 Ref7 21.
Rae1 Rf5 22.Qxd4 Nxf3 23.gxf3 Qc6 24.Qe3 Kh8 25.c3 h6 26.Be7 Rxf3 27.Rxf3 
Rxf3 28.Qe4 Rf1+ 29.Kg2 Rxe1 30.Qxc6 bxc6 31.Bd8 Re2+ 32.Kg3 Rxb2 33.Bxc7 
Rb3 34.Bxa5 Rxa3 35.Bb4 Rb3 36.Kg4 Kg8 37.Kf5 c5 38.Bxc5 Rb5 0-1

[Event "VII Festival A"]
[Site "Trieste ITA"]
[Date "2005.09.07"]
[Round "6"]
[White "Rozmann, Glauco"]
[Black "Cozzarin, Davide"]
[Result "0-1"]
[WhiteElo "1413"]
[BlackElo "1646"]
[PlyCount "68"]
[EventDate "2005.09.03"]

1.d4 f5 2.Nf3 Nf6 3.Nc3 b6 4.Bf4 Bb7 5.h3 e6 6.e3 Be7 7.a3 O-O 8.Bc4 c6 9.
Qe2 c5 10.Be5 d5 11.Ba2 Nbd7 12.Ng5 Qc8 13.Nxe6 Nxe5 14.Nxf8 Nf7 15.Nxh7 
Kxh7 16.O-O-O c4 17.g4 a6 18.f4 g6 19.g5 Nh5 20.Rhg1 b5 21.Qe1 b4 22.axb4 
Bxb4 23.Kd2 Nd6 24.Qf1 Ne4+ 25.Kc1 Bxc3 26.bxc3 Nxc3 27.Kb2 Nxd1+ 28.Qxd1 
c3+ 29.Ka1 Rb8 30.Qf3 Qd8 31.Rb1 Ba8 32.Bb3 Qa5+ 33.Ba2 Rxb1+ 34.Kxb1 Qa3 
0-1